000 01352cam a2200373 a 4500
001 13401395
005 20221011114552.0
008 031006s2003 ii b 001 0 eng
010 _a 2003333967
020 _a8170491592
025 _aI-E-2003-333967; 63-06
035 _a(DLC) 2003333967
037 _bLibrary of Congress -- New Delhi Overseas Office
_cRs595.00 ($35.00 U.S.)
040 _aDLC
_cDLC
042 _alcode
043 _aa-cc---
050 0 0 _aUA835
_b.K365 2003
082 _a355.033051
_bKAP
100 1 _aKapur, C. K.
_q(Chander K.)
_999821
245 1 0 _aChinese military modernisation /
_cC.K. Kapur.
260 _aNew Delhi :
_bManas Publications,
_c2003.
300 _a251 p. ;
_c22 cm.
500 _a"United Service Institution of India (USI), Field Marshal K.M. Cariappa Chair."
504 _aIncludes bibliographical references (p. [225]-227) and index.
651 0 _aChina
_xDefenses.
_999822
651 0 _aChina
_xArmed Forces.
_999773
651 0 _aChina
_xMilitary policy.
_999774
651 0 _aChina
_xMilitary relations
_zIndia.
_999823
651 0 _aIndia
_xMilitary relations
_zChina.
_999824
710 2 _aUnited Service Institution of India.
_bField Marshal K.M. Cariappa Chair.
_999825
906 _a7
_bcbc
_corigode
_d3
_encip
_f20
_gy-gencatlg
942 _2ddc
_cBK
999 _c591667
_d591667